Success in communication. (Record no. 1508)

MARC details
000 -LEADER
fixed length control field 00646nam a22002172 4500
001 - CONTROL NUMBER
control field 0000005806
005 - DATE AND TIME OF LATEST TRANSACTION
control field 20151021152554.0
008 - FIXED-LENGTH DATA ELEMENTS--GENERAL INFORMATION
fixed length control field 070717s xx 000 0 eng d
020 ## - INTERNATIONAL STANDARD BOOK NUMBER
International Standard Book Number 0719545234 :
Terms of availability KES 1,470
040 ## - CATALOGING SOURCE
Original cataloging agency KABU
Transcribing agency KABU
050 #0 - LIBRARY OF CONGRESS CALL NUMBER
Classification number HF5718
Item number .S55
100 1# - MAIN ENTRY--PERSONAL NAME
Personal name Sillars, Stuart.
-- 0000157028
245 10 - TITLE STATEMENT
Title Success in communication.
260 ## - PUBLICATION, DISTRIBUTION, ETC. (IMPRINT)
Place of publication, distribution, etc. London :
Name of publisher, distributor, etc. J. Murray,
Date of publication, distribution, etc. 1988.
300 ## - PHYSICAL DESCRIPTION
Extent xiv, 354 p.
650 #0 - SUBJECT ADDED ENTRY--TOPICAL TERM
Topical term or geographic name as entry element Business communication.
-- 0000148326
908 ## - PUT COMMAND PARAMETER (RLIN)
Put command parameter 070717
950 ## - LOCAL HOLDINGS (RLIN)
-- 1
Holdings
Withdrawn status Lost status Source of classification or shelving scheme Not for loan Home library Current library Date acquired Total Checkouts Full call number Barcode Date last seen Date last checked out Copy number Price effective from Koha item type Total Renewals
    Library of Congress Classification   Kabarak, Main Campus Kabarak, Main Campus 17/12/2015 9 HF5718 .S55 005223 08/12/2025 15/08/2025   17/12/2015 General Collection 2
    Library of Congress Classification   Kabarak, Main Campus Kabarak, Main Campus 17/12/2015 3 HF5718 .S55 012927 29/03/2021 18/03/2021   17/12/2015 General Collection 1
    Library of Congress Classification   Kabarak, Nakuru City Campus Kabarak, Nakuru City Campus 21/10/2015 3 HF5718 .S55 c. 2 19981 06/04/2022 25/03/2022 c. 2 21/10/2015 General Collection  
    Library of Congress Classification   Kabarak, Nakuru City Campus Kabarak, Nakuru City Campus 21/10/2015 1 HF5718 .S55 c. 1 19982 04/12/2017 27/11/2017 c.1 21/10/2015 General Collection  
Designed with assistance from East African Informatics Ltd